| 000 | 00419nam a22001697a 4500 | ||
|---|---|---|---|
| 005 | 20260413144417.0 | ||
| 008 | 160613b xxu||||| |||| 00| 0 eng d | ||
| 020 | _a81-7224-330-8 | ||
| 041 | _aeng | ||
| 082 | _a808.51 | ||
| 100 |
_aProchnow, Herbert V _91819 |
||
| 245 | _a1001 Ways to Improve Your Conversation and Public Speaking | ||
| 260 | _bJaico Books | ||
| 300 | _a380 | ||
| 650 | _aManagement | ||
| 942 | _cBK | ||
| 999 |
_c2555 _d2554 |
||